Especies focales para conservación en el departamento de Córdoba (Registro nro. 5790)
[ vista simple ]
| 000 -CABECERA | |
|---|---|
| Campo de control | 00770nam a2200241 a 4500 |
| 005 - FECHA Y HORA DE LA ULTIMA TRANSACCION | |
| Campo de control | 20170323020002.0 |
| 008 - ELEMENTOS DE LONGITUD FIJA—INFORMACION GENERAL | |
| Campo de control | 140127b2006 ck ||||| |||| 00| 0 spa d |
| 020 ## - ISBN | |
| ISBN | 9789588151830 |
| 041 ## - IDIOMA | |
| Código de idioma para texto/pista de sonido o título separado | Español |
| 044 ## - PAÍS DE PUBLICACIÓN | |
| País de publicación | Colombia |
| 082 04 - NUMERO DE CLASIFICACION DECIMAL DEWEY | |
| Número de clasificación | 574.90 |
| Número del ítem | B22e |
| 090 ## - CLASIFICACIÓN LOCAL | |
| Colección | IAVH |
| Consecutivo | 00714 |
| 100 1# - ASIENTO PRINCIPAL--NOMBRE PERSONAL | |
| Nombre personal | Baptiste, María Piedad |
| 245 10 - MENCION DE TITULO | |
| Título | Especies focales para conservación en el departamento de Córdoba |
| 260 ## - PUBLICACION, DISTRIBUCION, ETC. (PIE DE IMPRENTA) | |
| Lugar de publicación, distribución, etc. | Bogotá |
| Nombre del editor, distribuidor, etc. | Instituto Alexander von Humboldt |
| -- | CVS |
| Fecha de publicación, distribución, etc. | 2006 |
| 300 ## - DESCRIPCION FISICA | |
| Extensión | 176 p. |
| Dimensiones | 28 cm. |
| 650 ## - ASIENTO SECUNDARIO DE MATERIA - TERMINO TEMATICO | |
| Término temático o nombre geográfico como elemento de entrada | Fauna colombiana |
| 650 #6 - ASIENTO SECUNDARIO DE MATERIA - TERMINO TEMATICO | |
| Término temático o nombre geográfico como elemento de entrada | Conservación de la vida silvestre |
| Subdivisión geográfica | Córdoba (Colombia) |
| 650 ## - ASIENTO SECUNDARIO DE MATERIA - TERMINO TEMATICO | |
| Término temático o nombre geográfico como elemento de entrada | Especies en peligro |
| Subdivisión geográfica | Córdoba (Colombia) |
| 700 1# - ASIENTO SECUNDARIO - NOMBRE PERSONAL | |
| Nombre personal | Franco, Ana María |
| 942 ## - ELEMENTOS ADICIONALES (KOHA) | |
| Tipo de ítem | Libro |
| Sistema de clasificación | Dewey Decimal Classification |
| Koha issues (borrowed), all copies | 2 |
| 945 ## - PROCESAMIENTO LOCAL | |
| AAAA-MM-DD - Fecha de ingreso o modificacion | 2014-07-30 |
| Withdrawn status | Lost status | Sistema de Clasificación | Damaged status | No para préstamo | Colección | Ubicación Permanente | Ubicación actual | Fecha de adquisición | Total Checkouts | Número topográfico | Inventario / Código de Barras | Date last seen | Ejemplar | Price effective from | Forma de adquisición | Tipo de material | Inventariado | Fuente de Valor | Valor | Date checked out |
|---|---|---|---|---|---|---|---|---|---|---|---|---|---|---|---|---|---|---|---|---|
| Dewey Decimal Classification | Humboldt | Bogotá | Bogotá | 04/09/2007 | 2 | IAVH-574.90 B22e | 025149 | 22/03/2017 | Ej. 1 | 04/12/2012 | Institucional | Libro | Inventariado 2017 | Instituto | 30000.00 | 22/03/2017 | ||||
| Dewey Decimal Classification | Humboldt | Bogotá | Bogotá | 04/09/2007 | IAVH-574.90 B22e | 025150 | 04/12/2012 | Ej. 2 | 04/12/2012 | Institucional | Libro | Inventariado 2017 | Instituto | 30000.00 | ||||||
| Dewey Decimal Classification | Humboldt | Sala Fabio Quevedo | Sala Fabio Quevedo | 18/07/2014 | IAVH-574.90 B22e | 025148 | 04/12/2012 | Ej. 2 | 04/12/2012 | Libro | Inventariado 2017 | Instituto | 30000.00 | |||||||
| Dewey Decimal Classification | Humboldt | Sala Fabio Quevedo | Sala Fabio Quevedo | 29/07/2014 | IAVH-574.90 B22e | 038218 | 29/07/2014 | Ej.3 | 29/07/2014 | Institucional | Libro | Inventariado 2017 | Instituto | 30000.00 | ||||||
| Local | Referencia | Villa de Leyva | Villa de Leyva | 04/09/2007 | IAVH-00714 | 025145 | 04/12/2012 | Ej. 1 | 04/12/2012 | Libro |